Statistics for Χώρες που αρχίζουν από Β

Click here to take the quiz!

General Stats

  • This quiz has been taken 1 244 times
    (1 239 since last reset)
  • The average score is 7 of 11

Answer Stats

Απάντηση% Correct
Βουλγαρία
85%
Βολιβία
79%
Βραζιλία
79%
Βέλγιο
73%
Βενεζουέλα
70%
Βοσνία-Ερζεγοβίνη
62%
Βατικανό
59%
Βιετνάμ
54%
Βανουάτου
48%
Βόρεια Κορέα
46%
Βόρεια Μακεδονία
36%

Score Distribution

Percentile by Number Answered

Percent of People with Each Score

Your Score History

You have not taken this quiz since the last reset